00600nam a22001817a 450000500170000001000150001702000260003203500140005803700090007208200150008124501110009625000060020726000480021327000800026130000250034170000260036670000260039220251204163940.0 aENG-147238 a9789354919121c275.00 aEN-130770 bDBAD a320.10121 aBeyond Boundaries:bA Study of Social impact on Mann Ki Baat/cEdited by Badri Narayan [and] Subhash kumar a1 aNew DelhibNational Book Trust, Indiac2023 aNehru Bhawan, 5 Institutional Area, Phase-II Vasant KunjbNew Delhie110070 axxv, 92p..c21cm(pb) aBadri NarayaneEditor aSubhash KumareEditor